000
00231 a2200097 4500
001
27440
100
_a
Edmead, F
245
_a
Analysis and prediction in International mediation
260
_a
_b
Unitar
_c
1971
090
_c
18234
_d
18234
942
_a
NUST-CAE
_c
M
_c
9152
999
_c
262513
_d
262513